Örkény István kritikája

Bibliographic Details
Main Author: Örkény, István, 1912-1979 (Author)
Format: Article
Language:Hungarian
Subjects:

MARC

LEADER 00000nab a2200000 ar4500
001 vtls009181619
003 SK-MaSNL
005 20260319070652.0
008 080206c2008 xo ||||||||o |000 b|hun
015 |a SNBRB2008/02  |2 snkbucl 
038 |a SNKBUCL 
040 |a DSZK  |b slo  |c DSZK  |e AACR2 
041 0 |a hun 
044 |a xo  |c SK 
080 |a 82.09:821.511.141-31=511.141  |x (048)  |2 1997 
080 |a 821.511.141-31=511.141  |x (048)  |2 1997 
100 1 |a Örkény, István,  |d 1912-1979  |4 aut 
245 1 0 |a Örkény István kritikája 
500 |a Článok bol publikovaný aj v časopise Szabad Föld v 7. júna 1956 
650 0 7 |a spoločenské romány, maďarské  |x recenzie  |2 snkbucl  |9 946784 
655 7 |a recenzie  |2 snkbucl  |9 21907 
773 0 |t Irodalmi szemle  |g Évf. LI, sz. 1 (2008), o. 63  |x 1336-5088 
787 0 8 |i Rec.:  |a Juhász, János  |t Pókhálóban  |d Budapest : Szépirodalmi Könyvkiadó, 1956 
852 |a SNK  |b KIS3GCP 
852 |a DSZK  |b KIS3GCP 
958 |a HU 
958 |a SK 
958 |a LX 
958 |a RC 
999 |c 1711708  |d 1713638